01048nam a2200217 a 4500008004100000020001500041050001700056100001800073245004500091260003300136300002200169350000900191650002100200650002000221700002000241995015100261995015100412999001700563952012500580952012500705120416s1981 ||||||||||||||||| || u a0566003279 aQA 279.4 Kmi aPearman, A. D10aDecision theory and incomplete knowledge aAldershot, Eng.bGowerc1981 aviii, 121p. : ill a0.00 aPRACTICAL REASON 0aDECISION MAKING aKmietowicz, Z.W aANNEX COLLECTION (Main Library)D0.00e708205FCBU-MAIN LIBRARY (Kitwe)H2I15.00jQA 279.4 KmiM1UAVAILABLEy011875ZAnnex Low-Usage Collection  aANNEX COLLECTION (Main Library)D0.00e708206FCBU-MAIN LIBRARY (Kitwe)H1I15.00jQA 279.4 KmiM2UAVAILABLEy011876ZAnnex Low-Usage Collection  c63411d63411 00102lcc4070a001b001cAnnex Low-Usage Collection d2022-12-24l0oQA 279.4 Kmip011875r2022-12-24w2022-12-24y002 00102lcc4070a001b001cAnnex Low-Usage Collection d2022-12-24l0oQA 279.4 Kmip011876r2025-12-04w2022-12-24y002